Quizzes
Events
Quiz Creation
Community
Videos
Private Events
Remove Ads
Sign In
Join for FREE
Feedback
Dark Mode
Quiz Categories
Sports
Geography
Music
Movies
Television
Just For Fun
Miscellaneous
History
Literature
Language
Science
Gaming
Entertainment
Religion
Holiday
For Kids
Quiz Lab
Recent
Popular Today
Quiz Kudos Today
Editor Picks
Curator Picks
Quizzes by...
Day
Popularity
Type
Ratings
Length
Year
Community
Subscriptions
Recent Discussions
Orange Saloon
Badges
Playlists
Quests
Create
Leaderboards
Showdown
Live 5
Trivia Bingo
Activity
Puzzle Library
Sporcle Events
Private Events
Virtual Trivia
Globe League
Become a Host
Pub Owners
SporcleCon
Opinionation
Our Games
Videos
Blog
Mobile Apps
Partnerships
Remove Ads and Go Orange
Feedback
Television
TV Characters
TV Show
Sitcom
Network
Friends
Reality Shows
Cast
South Park
Star Trek
The Simpsons
Doctor Who
Television
TV Characters
TV Show
Sitcom
Network
Friends
Reality Shows
Cast
South Park
Star Trek
The Simpsons
Doctor Who
Random Quiz
Search Sporcle
×
Quiz Lab
Quiz Lab
Television
episode
Type in answers that appear in a list
Type in answers that appear in a list
Classic
Best Score? Go Orange.
Multi-Part Power Rangers Episodes Stats
Can you name the Power Rangers episodes that were multi-parters?
By
dudemanbearpig
8m
84 Questions
992 Plays
992 Plays
992 Plays
Comments
Comments
Give Quiz Kudos
Give Quiz Kudos
-
- Ratings
hide this ad
Replay
Link that replays current quiz
Next Quiz
Link to next quiz in quiz playlist
You Got
0%
They Got
Avg Score
41%
Avg Friend Score
Upgrade to see
Score Distribution
Jump to the score distribution portion of the page
Score
0/84
Timer
08:00
0
Plays Today
Series
Episode
% Correct
Mighty Morphin' S1
Green with Evil
84%
Mighty Morphin' S1
The Green Candle
70.7%
Mighty Morphin' S1
Doomsday
66.3%
Mighty Morphin' S1
Island of Illusion
64.5%
Mighty Morphin' S2
White Light
64.2%
Mighty Morphin' S2
The Mutiny
62.1%
Turbo
Shift Into Turbo
62.1%
Mighty Morphin' S1
Return of an Old Friend
62%
Mighty Morphin' S2
Green No More
60.1%
Mighty Morphin' S3
Ninja Quest
59.8%
Mighty Morphin' S2
The Wedding
59.7%
Mighty Morphin' S2
The Power Transfer
57.5%
Mighty Morphin' S2
Wild West Rangers
56.3%
Mighty Morphin' S2
The Ninja Encounter
56%
Turbo
Chase Into Space
55.5%
Mighty Morphin' S2
Storybook Rangers
54.6%
Zeo
A Zeo Beginning
54%
Mighty Morphin' S2
Return of the Green Ranger
52.4%
Mighty Morphin' S3
A Friend in Need
51.2%
Mighty Morphin' S3
A Different Shade of Pink
50.9%
Turbo
Passing the Torch
50.4%
SPD
Sam
49.9%
Zeo
King for a Day
47.5%
Dino Thunder
Day of the Dino
46.4%
Mighty Morphin' S3
Changing of the Zords
45.9%
In Space
Countdown to Destruction
45.8%
Turbo
Honey I Shrunk the Rangers
44.9%
Mighty Morphin' S2
Rangers Back in Time
44.8%
Series
Episode
% Correct
SPD
Endings
44.3%
SPD
Beginnings
43.9%
Mighty Morphin' S3
Stop the Hate Master
43.8%
Mighty Morphin' S3
Hog Day Afternoon
42.8%
Mighty Morphin' S3
Master Vile and the Metallic Armor
42.5%
Mystic Force
Broken Spell
42.5%
In Space
From Out of Nowhere
41.9%
Wild Force
The End of the Power Rangers
40.3%
Lost Galaxy
Quasar Quest
39.7%
Mystic Force
Mystic Fate
39.7%
Lightspeed Rescue
Trakeena's Revenge
39.3%
Dino Thunder
Thunder Storm
39.2%
Dino Thunder
White Thunder
39%
Ninja Storm
Thunder Strangers
38.9%
Lightspeed Rescue
The Fate of Lightspeed
38.8%
Dino Thunder
Thunder Struck
38.8%
Zeo
There's No Business Like Snow Business
38.5%
Mystic Force
Dark Wish
38.5%
Wild Force
Reinforcements from the Future
37.8%
Zeo
Rangers of Two Worlds
37.3%
Time Force
The End of Time
37%
Operation Overdrive
Once a Ranger
36.5%
Time Force
Force from the Future
36.4%
Samurai
Origins
35.9%
Ninja Storm
Return of Thunder
35.8%
Lost Galaxy
Journey's End
34.9%
SPD
S.W.A.T.
34.3%
In Space
Dark Specter's Revenge
34.1%
Series
Episode
% Correct
Ninja Storm
The Samurai's Journey
34.1%
Mystic Force
The Gatekeeper
33.8%
Jungle Fury
Welcome to the Jungle
33.7%
Mighty Morphin' S3
A Ranger Catastrophe
32.9%
Mighty Morphin' S3
Alien Rangers of Aquitar
32.7%
Operation Overdrive
Kick Into Overdrive
32.4%
Ninja Storm
Storm Before the Calm
32.2%
RPM
Ranger Yellow
32.1%
Time Force
Movie Madness
31.6%
SPD
Shadow
31.1%
Ninja Storm
Shane's Karma
30.6%
SPD
Wired
29.7%
Mystic Force
Stranger Within
29.2%
SPD
Reflection
28.6%
Mystic Force
Heir Apparent
26.8%
Mystic Force
Light Source
26.7%
Time Force
Clash for Control
26.6%
Lost Galaxy
The Lost Galactabeasts
26.1%
RPM
Danger and Destiny
25.9%
Ninja Storm
Shimazu Returns
25.2%
Wild Force
The Master's Herald
25.1%
Ninja Storm
General Deception
24.9%
SPD
Messenger
24.1%
Operation Overdrive
Ronny on Empty
23.6%
Operation Overdrive
Man of Mercury
22.9%
Operation Overdrive
Face to Face
21.7%
Jungle Fury
Ghost of a Chance
20.7%
Operation Overdrive
Home and Away
19%
Quiz Playlist
Details
Report
Send in Message
Add To Playlist
Classic:
Type in answers that appear in a list
Quiz Source
Last Updated: Feb 16, 2017
Quiz Scoreboard
CHALLENGE
Sign Up to Join the Scoreboard
Show All
Scores
Hide
Comments
May contain spoilers
Recently Published
NBA Finals Game Top Scorers (2010s)
by flibbidy
Sports
5m
Guess the 'R' Things in 3 Words
by MSUKent
Miscellaneous
3m
Actor to Badly Drawn Movie III
by MoMosMoProblems
Movies
5m
More to Explore
Quiz From the Vault
Featured Blog Post
Where Does Lost Luggage Go?
hide this ad
You Might Also Like...
Tags
episode
multi-part
Power
Power Rangers
Ranger
Today's Top Quizzes in Television
Browse Television
hide this ad
Today's Top Quizzes in episode
Browse episode
Top Contributed Quizzes in Television
1
Hidden Simpsons Character
2
First Name TV: Leading Men
3
Hidden Simpsons Character II
4
Hidden Simpsons Character III
5
First Name TV: Leading Women Drama
6
Hidden Simpsons Character IV
7
Hidden Simpsons Character V
8
Hidden Simpsons Character VI
9
Hidden Simpsons Character VII
10
Pick A Pair: Religious TV
Explore More
Trending Topics
Anime
Crossword
Harry Potter
Disney
NBA
Marvel
Kpop
Country
Song
WWE
The Office
Pokémon
Soccer
NFL
Puzzle
hide this ad
More By:
dudemanbearpig
Quiz
Plays
Rating
Category
Featured
Created
WWE Royal Rumble Final Four
307,972
4.45
Sports
Dec 1, 2009
Top 50 Females in Harry Potter
137,264
4.67
Literature
May 10, 2012
Top 25 Non-Humans in Harry Potter
68,833
4.83
Literature
Apr 30, 2012
WrestleMania: 5+ in a Row
63,171
4.54
Sports
Apr 3, 2012
Black WWE PPV Competitors
14,890
4.34
Sports
Nov 6, 2011
Go to Creator's Profile
Score Distribution
Quiz Creator Spotlight
dudemanbearpig
Follow
Send a Message
Quizzes Created
-
Created Quiz Play Count
-
More By This Creator
Popular Quizzes Today
1
Find the US States - No Outlines Minefield
2
Find the US States
3
The Countries of the World
4
10 Largest US States in Order
5
Find the Countries of Europe - No Outlines Minefield
6
US States
7
Guess the 'R' Things in 3 Words
8
NBA Finals Game Top Scorers (2010s)
More Television Quizzes
I Survived Game of Thrones
Curator's Pick
Trending Quizzes
First Name TV: Leading Men
First Name TV: Leading Women Drama
Match the Book to the Film II
Pick A Pair: Religious TV
Match the Book to the Film VI
Recently Updated
Women's Final Four Teams by Year
bhenderson79
Presidents Quartet II
eogle
Anything But Clue(do)
eogle
Anything But Oceanian Capitals
eogle
Anything But 7
eogle
Anything But Thing
eogle
Word Ladder: February 29
pecheneg
Song Title Questions
pecheneg
Women's NCAA Tournament #1 Seeds
pecheneg
Celebrity Mug Shots
pecheneg
Trending Topics
Disney
Kpop
Crossword
NBA
Marvel
Anime
Harry Potter
Soccer
Country
The Office
Song
WWE
Pokémon
Puzzle
NFL
Your Account Isn't Verified!
In order to create a playlist on Sporcle, you need to verify the email address you used during registration. Go to your
Sporcle Settings
to finish the process.
Report this User
Report this user for behavior that violates our
Community Guidelines
.
Details:
Send Report
Go to the Sporcle.com Mobile Site →
Comments